Estados psicóticos /

Obra que reúne las aportaciones del autor para la comprensión de los estados psicóticos de los enfermos, como la esquizofrenia, la hipocondría, la drogadicción, entre otros. Sus contribuciones están sustentadas en el análisis transferencial desarrollado por Melanie Klein.

Gespeichert in:
Bibliographische Detailangaben
1. Verfasser: Rosenfeld, Herbert A. (autor)
Format: Buch
Sprache:Spanisch
Veröffentlicht: Buenos Aires, Argentina : Hormé, 1974, c1974
Schlagworte:
Tags: Tag hinzufügen
Keine Tags, Fügen Sie das erste Tag hinzu!

MARC

LEADER 00000nam^a2200000^a^4500
001 000186797
005 20250521000000.0
009 20260310102240.111
037 |a Acervo ITESO - Biblioteca 
041 |a ESP 
082 |a 616. 89  |b ROS 
100 |a Rosenfeld, Herbert A.  |e (autor) 
245 1 0 |a Estados psicóticos /  |c H.A. Rosenfeld ; tr. por Alfredo Ditisheim. 
264 4 |a Buenos Aires, Argentina :  |b Hormé,  |c 1974, c1974 
300 |a 291 p. 
336 |a texto  |b txt  |2 rdacontenido 
337 |a sin mediación  |b n  |2 rdamedio 
338 |a volumen  |b nc  |2 rdasoporte 
500 |a Traducción de: Psychotic States 
520 |a Obra que reúne las aportaciones del autor para la comprensión de los estados psicóticos de los enfermos, como la esquizofrenia, la hipocondría, la drogadicción, entre otros. Sus contribuciones están sustentadas en el análisis transferencial desarrollado por Melanie Klein. 
649 |a XX 
650 |a Psicoanalistas Ingleses 
650 |a Mujeres Inglesas 
650 |a Esquizofrenia 
650 |a Paranoia 
650 |a Psicosis 
650 |a Yo (Psicoanálisis) 
650 |a Transferencia (Psicoanálisis) 
650 |a Narcisismo 
650 |a Hipocondriasis 
650 |a Drogadicción 
650 |a Alcoholismo 
650 |a Psicopatología 
650 |a Psicoterapia Psicoanalítica 
650 |a Psicoanálisis Kleiniano 
650 |a Escuela Inglesa de Psicoanálisis 
650 |a Psicoanálisis Freudiano 
650 |a Psicología Clínica 
650 |a Klein, Melanie 
910 |a Fondo Armando Suárez Gómez 
920 |a Impresos - Libros 
930 |a Fondos Especiales 
905 |a 111 
901 |a 0700002864  |b IT2  |c ESP  |u 20250521 
902 |a https://opac.biblio.iteso.mx/vufind/Record/000186797